Príspevok na samostatnú zárobkovú činnosť
Základné informácie o tom, kto, kedy koľko a za akých podmienok môže dostať finančný nenávratný príspevok na podnikanie. Nádejný uchádzač o príspevok na samostatnú zárobkovú činnosť. Výška príspevku na samostatnú zárobkovú činnosť. Kto poskytuje príspevok. Podnikateľský zámer - zásady písania. Prak...
Uložené v:
| Hlavný autor: | |
|---|---|
| Médium: | Kapitola |
| Jazyk: | Slovak |
| Predmet: | |
| Tagy: |
Žiadne tagy, Buďte prvý, kto otaguje tento záznam!
|
MARC
| LEADER | 00000naa$a2200000$$$4500 | ||
|---|---|---|---|
| 001 | 0077249 | ||
| 005 | 20231109095432.9 | ||
| 041 | 0 | |a slo | |
| 044 | |a SK | ||
| 245 | 1 | 0 | |a Príspevok na samostatnú zárobkovú činnosť |c Slavomíra Danajová |
| 520 | |a Základné informácie o tom, kto, kedy koľko a za akých podmienok môže dostať finančný nenávratný príspevok na podnikanie. Nádejný uchádzač o príspevok na samostatnú zárobkovú činnosť. Výška príspevku na samostatnú zárobkovú činnosť. Kto poskytuje príspevok. Podnikateľský zámer - zásady písania. Praktické príklady. Analýza nulového bodu. Začiatky podnikania a priemyselné vlastníctvo. Desať krokov, ako zarobiť na svojich nápadoch. Žiadosť o zabezpečenie prípravy na začatie prevádzkovania alebo vykonávania SZČ. | ||
| 610 | 2 | 0 | |a podnikanie |
| 610 | 2 | 0 | |a zámery podnikateľské |
| 610 | 2 | 0 | |a príspevky nenávratné |
| 610 | 2 | 0 | |a podpora podnikania |
| 610 | 2 | 0 | |a úrady práce |
| 610 | 2 | 0 | |a nezamestnanosť |
| 100 | 1 | |a Danajová, Slavomíra | |